00178 a2200073 450000100060000010000140000624500450002026000390006514887 aCoedes G aThe indianized states of south east Asia aHonolulubEast west center pressc